Os 20 Países mais Felizes - Statistics

Estatísticas Gerais
  • Esse quiz foi jogado 123 vezes
  • A pontuação média é 15 de 20
Estatísticas das Respostas
Resposta % Correto
Noruega
91%
Estados Unidos
90%
Finlândia
89%
França
89%
Suécia
89%
Canadá
87%
Alemanha
86%
Austrália
86%
Suíça
85%
Dinamarca
83%
Bélgica
81%
Países Baixos
80%
Reino Unido
80%
Nova Zelândia
78%
Islândia
77%
Áustria
72%
Irlanda
64%
Israel
32%
Taiwan
24%
República Checa
20%
Nenhum quiz correspondente encontrado
Distribuição das Pontuações
Porcentagem de Pessoas com Cada Pontuação
Percentil de Números Respondidos
Sua Pontuação Histórica
Você não jogou esse quiz